Využitie NDT metód pri meraní vlastností materiálov a priebehov zaťaženia

Gespeichert in:
Bibliographische Detailangaben
1. Verfasser: Koščo, Tomáš (Verfasst von)
Weitere Verfasser: Chmelko, Vladimír (Betreuung Doktorarbeit)
Format: Manuskript Buch
Sprache:Slowakisch
Veröffentlicht: 2023
Schlagworte:
Online-Zugang:http://is.stuba.sk/zp/portal_zp.pl?podrobnosti=165667
Tags: Tag hinzufügen
Keine Tags, Fügen Sie das erste Tag hinzu!

MARC

LEADER 00000ntm a22000003a 4500
001 stuzp82140
003 SK-STU
005 20230909210644.3
007 ta
008 150427s2015----xo-----f-mn---000-0-slo-d
040 |a STU  |b slo 
041 0 |a slo 
100 1 |a Koščo, Tomáš  |u 020010  |k Z8  |4 aut  |U SjF Strojnícka fakulta  |T SjF Ústav aplikovanej mechaniky a mechatroniky  |X 76341  |U J0010  |Y 801  |7 76341 
242 0 1 |a Application of NDT methods in the measurement of material properties and load histories  |y eng 
245 1 0 |a Využitie NDT metód pri meraní vlastností materiálov a priebehov zaťaženia 
260 |c 2023 
650 4 |a DIC  |2 slo 
650 4 |a Digitálna obrazová korelácia  |2 slo 
650 4 |a materiálové vlastnosti  |2 slo 
650 4 |a meranie vo vruboch  |2 slo 
650 4 |a Digital image correlation  |2 eng 
650 4 |a DIC  |2 eng 
650 4 |a material properties  |2 eng 
650 4 |a measurement in notches  |2 eng 
700 1 |a Chmelko, Vladimír  |u 020010  |k Z1  |4 ths  |U SjF Strojnícka fakulta  |T SjF Ústav aplikovanej mechaniky a mechatroniky  |X 2396  |U J0010  |Y 801  |7 A000002396 
856 4 |u http://is.stuba.sk/zp/portal_zp.pl?podrobnosti=165667 
996 |b 284J047246  |c J* 119488  |l JJST  |s P  |a 0  |w stuzp82140_0001